[Event "24PCR_F"]
[Site "?"]
[Date "2011.??.??"]
[Round "?"]
[White "Pavlicek, Miroslav"]
[Black "Sindelar, Frantisek"]
[Result "1/2-1/2"]
[WhiteElo "2213"]
[BlackElo "1951"]
[PlyCount "133"]
[EventDate "2011.??.??"]
[EventType "corr"]
[EventRounds "1"]
[SourceDate "2010.08.23"]

1. e4 e6 2. d4 d5 3. Nc3 Nf6 4. Bg5 Be7 5. e5 Nfd7 6. Bxe7 Qxe7 7. f4 a6 8. Nf3
c5 9. Qd2 Nc6 10. dxc5 Nxc5 11. Bd3 O-O 12. O-O Bd7 13. Rae1 Nxd3 14. cxd3 Rac8
15. a3 Qc5+ 16. Qf2 Qxf2+ 17. Kxf2 f6 18. exf6 gxf6 19. Na4 Nb4 20. axb4 Rc2+
21. Re2 Rxe2+ 22. Kxe2 Bxa4 23. Rc1 Rf7 24. Rc8+ Kg7 25. b3 Bc6 26. Ke3 Re7 27.
Nd4 Be8 28. f5 Bd7 29. Rc7 e5 30. Ne6+ Kf7 31. Nd8+ Kf8 32. Rxb7 Bxf5 33. Rb6
d4+ 34. Kd2 Kg7 35. Rxa6 Rc7 36. Nc6 Bd7 37. b5 Rb7 38. b4 Be8 39. Ra5 Rb6 40.
Kc2 Bxc6 41. bxc6 Rxc6+ 42. Rc5 Rxc5+ 43. bxc5 Kf7 44. Kb3 Ke6 45. Kc4 Kd7 46.
Kd5 Kd8 47. h3 Kc8 48. g4 h6 49. h4 Kd7 50. g5 fxg5 51. hxg5 hxg5 52. Kxe5 g4
53. Kf4 Kc6 54. Kxg4 Kxc5 55. Kf4 Kd5 56. Kf5 Kd6 57. Ke4 Kc5 58. Ke5 Kc6 59.
Kxd4 Kd6 60. Kc4 Kc6 61. d4 Kd6 62. d5 Kc7 63. Kc5 Kd7 64. d6 Kd8 65. Kc6 Kc8
66. d7+ Kd8 67. Kd6 1/2-1/2

[Event "24PCR_F"]
[Site "?"]
[Date "2011.??.??"]
[Round "?"]
[White "Slavik, Miroslav"]
[Black "Kudr, Roman"]
[Result "1/2-1/2"]
[WhiteElo "2236"]
[BlackElo "2208"]
[PlyCount "44"]
[EventDate "2011.??.??"]
[EventType "corr"]
[EventRounds "1"]
[SourceDate "2010.08.23"]

1. d4 Nf6 2. c4 e6 3. Nf3 c5 4. Nc3 cxd4 5. Nxd4 Bb4 6. Ndb5 O-O 7. a3 Bxc3+ 8.
Nxc3 d5 9. Bg5 dxc4 10. Qxd8 Rxd8 11. e3 Nbd7 12. O-O-O a6 13. Bxc4 b5 14. Bxf6
gxf6 15. Be2 Bb7 16. f3 f5 17. Rd4 Kf8 18. Rhd1 Ke7 19. a4 bxa4 20. Rxa4 a5 21.
Rdd4 Rdc8 22. Ra3 Rc5 1/2-1/2

[Event "24PCR_F"]
[Site "?"]
[Date "2011.??.??"]
[Round "?"]
[White "Portych, Vaclav"]
[Black "Cvak, Rudolf"]
[Result "1/2-1/2"]
[WhiteElo "1987"]
[BlackElo "2379"]
[PlyCount "46"]
[EventDate "2011.??.??"]
[EventType "corr"]
[EventRounds "1"]
[SourceDate "2010.08.23"]

1. c4 Nf6 2. Nc3 c5 3. Nf3 e6 4. g3 Nc6 5. Bg2 d5 6. cxd5 exd5 7. d4 Be7 8. O-O
c4 9. b3 cxb3 10. Qxb3 O-O 11. Bf4 Na5 12. Qc2 Be6 13. Qd3 Rc8 14. Rfc1 g6 15.
Ne5 Re8 16. Nd1 Rxc1 17. Rxc1 Ne4 18. Qb1 Ba3 19. Rc2 Bd6 20. Qb2 f6 21. Nd3
Bxf4 22. Nxf4 Bf7 23. h4 b6 1/2-1/2

[Event "24PCR_F"]
[Site "?"]
[Date "2011.??.??"]
[Round "?"]
[White "Goc, Pavel"]
[Black "Struzka, Vlastimil"]
[Result "0-1"]
[WhiteElo "2121"]
[BlackElo "2248"]
[PlyCount "70"]
[EventDate "2011.??.??"]
[EventType "corr"]
[EventRounds "1"]
[SourceDate "2010.08.23"]

1. d4 d5 2. Nf3 Nf6 3. e3 g6 4. Bd3 Nc6 5. c3 Bg7 6. Nbd2 O-O 7. O-O e5 8. Nxe5
Nxe5 9. dxe5 Ng4 10. Nf3 Nxe5 11. Nxe5 Bxe5 12. f4 Bg7 13. e4 dxe4 14. Bxe4 Qe7
15. Re1 Re8 16. Re3 Qc5 17. Qd5 Bf8 18. b4 Qxd5 19. Bxd5 Rd8 20. Rd3 Bf5 21.
Rd1 Bg4 22. Rd2 c6 23. h3 Bg7 24. Bxf7+ Kxf7 25. hxg4 Bxc3 26. Rxd8 Rxd8 27.
Rb1 Rd1+ 28. Kf2 Bd2 29. Bxd2 Rxb1 30. a4 Ke6 31. a5 Kd5 32. f5 gxf5 33. gxf5
h5 34. f6 Ke6 35. Bc3 Rb3 0-1

[Event "24PCR_F"]
[Site "?"]
[Date "2011.??.??"]
[Round "?"]
[White "Cvak, Rudolf"]
[Black "Goc, Pavel"]
[Result "1-0"]
[WhiteElo "2379"]
[BlackElo "2121"]
[PlyCount "65"]
[EventDate "2011.??.??"]
[EventType "corr"]
[EventRounds "1"]
[SourceDate "2010.08.23"]

1. e4 Nf6 2. e5 Nd5 3. d4 d6 4. Nf3 Bg4 5. Be2 c6 6. c4 Nb6 7. Ng5 Bxe2 8. Qxe2
dxe5 9. dxe5 e6 10. O-O N8d7 11. f4 Qc7 12. Be3 Be7 13. Ne4 O-O 14. Nbc3 Rfd8
15. Rad1 Nf8 16. Nd6 Nc8 17. c5 b6 18. b4 Ng6 19. Nce4 Rb8 20. f5 exf5 21. Rxf5
Nh8 22. Qg4 bxc5 23. Bh6 g6 24. bxc5 Rb4 25. Rff1 a5 26. Qf3 Rxe4 27. Nxe4 Qxe5
28. Rxd8+ Bxd8 29. Qd3 Qc7 30. Re1 f5 31. Nf6+ Bxf6 32. Qc4+ Nf7 33. Re8# 1-0

[Event "24PCR_F"]
[Site "?"]
[Date "2011.??.??"]
[Round "?"]
[White "Kudr, Roman"]
[Black "Portych, Vaclav"]
[Result "1-0"]
[WhiteElo "2208"]
[BlackElo "1987"]
[PlyCount "81"]
[EventDate "2011.??.??"]
[EventType "corr"]
[EventRounds "1"]
[SourceDate "2010.08.23"]

1. Nf3 Nf6 2. c4 b6 3. g3 c5 4. Bg2 Bb7 5. Nc3 Nc6 6. O-O e6 7. d4 Nxd4 8. Nxd4
Bxg2 9. Kxg2 cxd4 10. Qxd4 Bc5 11. Qd3 O-O 12. e4 d6 13. Rb1 a5 14. b3 Ng4 15.
f4 Nf6 16. Be3 Bxe3 17. Qxe3 Qc7 18. Rbd1 Rad8 19. Qf3 h6 20. Rd3 Rd7 21. g4
Qc5 22. Rfd1 Rfd8 23. h4 h5 24. gxh5 Kf8 25. f5 Qe5 26. fxe6 fxe6 27. Qg3 Qxg3+
28. Rxg3 Nxh5 29. Rg5 Nf6 30. Rb5 Rb8 31. Na4 Ke7 32. Nxb6 Rdd8 33. Re1 e5 34.
Nd5+ Nxd5 35. exd5 Rxb5 36. cxb5 Rc8 37. Re4 Rc2+ 38. Kf1 Rd2 39. a4 Rxd5 40.
Ke2 Rc5 41. Rc4 1-0

[Event "24PCR_F"]
[Site "?"]
[Date "2011.??.??"]
[Round "?"]
[White "Sindelar, Frantisek"]
[Black "Slavik, Miroslav"]
[Result "1-0"]
[WhiteElo "1951"]
[BlackElo "2236"]
[PlyCount "43"]
[EventDate "2011.??.??"]
[EventType "corr"]
[EventRounds "1"]
[SourceDate "2010.08.23"]

1. d4 Nf6 2. c4 e6 3. Nf3 d5 4. Bg5 dxc4 5. Nc3 c6 6. e4 Qa5 7. Bd2 b5 8. e5
Nfd7 9. Be2 Bb7 10. O-O c5 11. d5 b4 12. Ng5 bxc3 13. Bxc3 Qd8 14. dxe6 Qxg5
15. Bf3 Bxf3 16. exf7+ Ke7 17. Qxf3 Nb6 18. h4 Qxh4 19. e6 Kd8 20. Rae1 Qe7 21.
Ba5 Kc7 22. Bxb6+ 1-0

[Event "24PCR_F"]
[Site "?"]
[Date "2011.??.??"]
[Round "?"]
[White "Stepan, Josef"]
[Black "Pavlicek, Miroslav"]
[Result "0-1"]
[WhiteElo "2044"]
[BlackElo "2213"]
[PlyCount "46"]
[EventDate "2011.??.??"]
[EventType "corr"]
[EventRounds "1"]
[SourceDate "2010.08.23"]

1. c4 c5 2. Nf3 g6 3. e4 Nc6 4. d4 cxd4 5. Nxd4 Bg7 6. Be3 Nf6 7. Nc3 d6 8. Be2
O-O 9. O-O Re8 10. Rc1 Bd7 11. Qb3 Nxe4 12. Nxe4 Nxd4 13. Bxd4 Bxd4 14. Rfd1
Be5 15. c5 Bc6 16. Ng5 e6 17. Nf3 Bd5 18. Bc4 Bxf3 19. Qxf3 d5 20. Bb5 Re7 21.
b4 Rc7 22. a4 Qh4 23. g3 Qxb4 0-1

[Event "24PCR_F"]
[Site "?"]
[Date "2011.??.??"]
[Round "?"]
[White "Urban, Miroslav"]
[Black "Bultman, Milan"]
[Result "1/2-1/2"]
[WhiteElo "2231"]
[BlackElo "2201"]
[PlyCount "95"]
[EventDate "2011.??.??"]
[EventType "corr"]
[EventRounds "1"]
[SourceDate "2010.08.23"]

1. c4 c5 2. Nf3 Nf6 3. d4 cxd4 4. Nxd4 e5 5. Nb5 a6 6. Nd6+ Bxd6 7. Qxd6 Qe7 8.
Qxe7+ Kxe7 9. Nc3 d6 10. e4 Nc6 11. Be3 Be6 12. Kd2 Ng4 13. Bb6 f5 14. exf5
Bxf5 15. Re1 Nf6 16. h3 Be6 17. b3 Rac8 18. f4 exf4 19. Nd5+ Kf7 20. Nxf4 Bf5
21. Be2 Rhe8 22. g4 g5 23. Nd5 Ne4+ 24. Kd1 Bg6 25. Bf3 Re5 26. Rh2 Rxd5+ 27.
cxd5 Nc3+ 28. Kd2 Nb4 29. Rf1 Ncxa2 30. Be4+ Kg8 31. Bxg6 hxg6 32. Rhf2 Nc3 33.
Ba5 Ne4+ 34. Ke3 Nxf2 35. Bxb4 Nxh3 36. Bxd6 Nf4 37. Ke4 Kf7 38. Bxf4 gxf4 39.
Rxf4+ Ke7 40. Ke5 Rc3 41. d6+ Ke8 42. b4 g5 43. Rf5 Re3+ 44. Kd5 Rd3+ 45. Ke6
Re3+ 46. Kf6 Re4 47. Kxg5 Rxb4 48. Kh5 1/2-1/2

[Event "24PCR_F"]
[Site "?"]
[Date "2011.??.??"]
[Round "?"]
[White "Pavlicek, Miroslav"]
[Black "Urban, Miroslav"]
[Result "1/2-1/2"]
[WhiteElo "2213"]
[BlackElo "2231"]
[PlyCount "57"]
[EventDate "2011.??.??"]
[EventType "corr"]
[EventRounds "1"]
[SourceDate "2010.08.23"]

1. e4 c6 2. d4 d5 3. e5 Bf5 4. Nf3 e6 5. Be2 c5 6. Be3 cxd4 7. Nxd4 Ne7 8. c4
Nbc6 9. Qa4 a6 10. Na3 Qa5+ 11. Qxa5 Nxa5 12. O-O dxc4 13. Nxc4 Nxc4 14. Bxc4
Rc8 15. Rac1 Be4 16. Nb3 g6 17. Nd2 Bc6 18. Be2 Nd5 19. Ne4 Nxe3 20. fxe3 Bb4
21. Rc4 Be7 22. Bf3 O-O 23. Rfc1 Rfd8 24. Nf6+ Kg7 25. Bxc6 Rxc6 26. Rxc6 bxc6
27. Rxc6 Rd2 28. Rxa6 Bc5 29. Ra8 1/2-1/2

[Event "24PCR_F"]
[Site "?"]
[Date "2011.??.??"]
[Round "?"]
[White "Slavik, Miroslav"]
[Black "Stepan, Josef"]
[Result "1-0"]
[WhiteElo "2236"]
[BlackElo "2044"]
[PlyCount "85"]
[EventDate "2011.??.??"]
[EventType "corr"]
[EventRounds "1"]
[SourceDate "2010.08.23"]

1. e4 e6 2. d4 d5 3. Nd2 c5 4. Ngf3 Nc6 5. exd5 exd5 6. Bb5 Bd6 7. dxc5 Bxc5 8.
O-O Nge7 9. Nb3 Bd6 10. Re1 O-O 11. c3 Bg4 12. h3 Bxf3 13. Qxf3 Ng6 14. Be3 a6
15. Bf1 Nh4 16. Qh5 g6 17. Qg5 Nf5 18. Qxd8 Raxd8 19. Bb6 Rd7 20. Rad1 Rc8 21.
Be2 Bc7 22. Bxc7 Rcxc7 23. Bg4 Kg7 24. Re2 Rd6 25. Red2 Nfe7 26. Kf1 b6 27. Nd4
Nxd4 28. Rxd4 b5 29. a3 f5 30. Bf3 Rcd7 31. a4 Kf6 32. axb5 axb5 33. Rb4 Rb6
34. Rb3 Ke5 35. c4 d4 36. c5 Rb8 37. Re3+ dxe3 38. Rxd7 Ke6 39. Rd6+ Ke5 40.
fxe3 b4 41. Rb6 Rc8 42. c6 Nd5 43. Rb5 1-0

[Event "24PCR_F"]
[Site "?"]
[Date "2011.??.??"]
[Round "?"]
[White "Portych, Vaclav"]
[Black "Sindelar, Frantisek"]
[Result "1-0"]
[WhiteElo "1987"]
[BlackElo "1951"]
[PlyCount "65"]
[EventDate "2011.??.??"]
[EventType "corr"]
[EventRounds "1"]
[SourceDate "2010.08.23"]

1. c4 Nf6 2. Nc3 g6 3. e4 d6 4. d4 Bg7 5. Nf3 O-O 6. Be2 e5 7. O-O Nbd7 8. Qc2
c6 9. Rd1 Qe7 10. d5 c5 11. Ne1 Ne8 12. a3 f5 13. exf5 gxf5 14. Nd3 Nb6 15. Qb3
f4 16. a4 Bf5 17. a5 Nc8 18. f3 Rb8 19. Ne4 Qf7 20. Ndf2 Qg6 21. Bd3 Nc7 22.
Bd2 Kh8 23. Kh1 Ne7 24. Rg1 Bxe4 25. Bxe4 Qh5 26. g4 Qh4 27. Be1 Qh6 28. Bc2 b5
29. axb6 Rxb6 30. Qd3 Nc8 31. Ba5 Rb7 32. Bc3 Ne8 33. Ne4 1-0

[Event "24PCR_F"]
[Site "?"]
[Date "2011.??.??"]
[Round "?"]
[White "Goc, Pavel"]
[Black "Kudr, Roman"]
[Result "0-1"]
[WhiteElo "2121"]
[BlackElo "2208"]
[PlyCount "90"]
[EventDate "2011.??.??"]
[EventType "corr"]
[EventRounds "1"]
[SourceDate "2010.08.23"]

1. e4 e6 2. d4 d5 3. exd5 exd5 4. Bd3 Bd6 5. Ne2 Ne7 6. Bf4 Bf5 7. Nbc3 c6 8.
Bxd6 Qxd6 9. Bxf5 Nxf5 10. Qd3 Qf6 11. O-O-O Nd7 12. g4 Nd6 13. Qe3+ Qe7 14.
Qxe7+ Kxe7 15. Ng3 Nf6 16. g5 Nfe8 17. h4 Nc7 18. Rde1+ Kd7 19. f4 h6 20. Nce2
Rae8 21. c3 Re3 22. Rhg1 hxg5 23. hxg5 Rh3 24. Nf1 Re8 25. Rg3 Rh4 26. Rf3 g6
27. Kd1 Ne6 28. Ne3 Reh8 29. Kc2 Ne4 30. Kd3 Kd6 31. b3 Rh3 32. Ref1 R8h4 33.
c4 Rh2 34. Nc2 b5 35. c5+ Kc7 36. a3 a5 37. b4 Ng7 38. bxa5 Rh8 39. Na1 Ra8 40.
Nb3 Nf5 41. Rb1 Re8 42. Nbc1 Nh4 43. Rf1 Rh3+ 44. Kc2 Nf5 45. Rg1 Ne3+ 0-1

[Event "24PCR_F"]
[Site "?"]
[Date "2011.??.??"]
[Round "?"]
[White "Struzka, Vlastimil"]
[Black "Cvak, Rudolf"]
[Result "1/2-1/2"]
[WhiteElo "2248"]
[BlackElo "2379"]
[PlyCount "67"]
[EventDate "2011.??.??"]
[EventType "corr"]
[EventRounds "1"]
[SourceDate "2010.08.23"]

1. d4 Nf6 2. c4 e6 3. Nc3 Bb4 4. Nf3 O-O 5. Bd2 b6 6. e3 Bxc3 7. Bxc3 Ne4 8.
Rc1 d6 9. Bd3 Bb7 10. O-O f5 11. Be1 c5 12. Nd2 Nf6 13. f4 Nc6 14. Nf3 Qd7 15.
dxc5 bxc5 16. Bc3 a5 17. Bb1 a4 18. Qd2 Ne7 19. Rfd1 Nc8 20. Qe2 Ne4 21. Bxe4
Bxe4 22. Rd2 h6 23. Rcd1 Qb7 24. Nh4 Ra7 25. Ng6 Re8 26. h3 Qa6 27. Nh4 Rd8 28.
Ng6 Kh7 29. Nh4 Rf8 30. Kh2 d5 31. Qh5 Ne7 32. cxd5 exd5 33. Nf3 Kg8 34. Qh4
1/2-1/2

[Event "24PCR_F"]
[Site "?"]
[Date "2011.??.??"]
[Round "?"]
[White "Kudr, Roman"]
[Black "Struzka, Vlastimil"]
[Result "1/2-1/2"]
[WhiteElo "2208"]
[BlackElo "2248"]
[PlyCount "69"]
[EventDate "2011.??.??"]
[EventType "corr"]
[EventRounds "1"]
[SourceDate "2010.08.23"]

1. Nf3 d5 2. d4 Nf6 3. c4 e6 4. Nc3 Be7 5. Bg5 O-O 6. e3 h6 7. Bxf6 Bxf6 8. Rc1
Nc6 9. Be2 Na5 10. cxd5 exd5 11. O-O Be6 12. b4 Nc6 13. Na4 Bc8 14. b5 Ne7 15.
Qc2 c6 16. bxc6 Nxc6 17. g3 Qd6 18. Qc3 Rb8 19. Rfd1 Bf5 20. Bd3 Bxd3 21. Qxd3
Rfd8 22. Rc3 b5 23. Nc5 Rb6 24. Rb1 a6 25. Ra3 Ra8 26. Rc1 Be7 27. Qf5 g6 28.
Qb1 Bf8 29. Ne1 Bg7 30. Ned3 h5 31. Qc2 Ra7 32. Qd1 Ra8 33. Qf3 b4 34. Ra4 a5
35. Nb3 1/2-1/2

[Event "24PCR_F"]
[Site "?"]
[Date "2011.??.??"]
[Round "?"]
[White "Sindelar, Frantisek"]
[Black "Goc, Pavel"]
[Result "1-0"]
[WhiteElo "1951"]
[BlackElo "2121"]
[PlyCount "79"]
[EventDate "2011.??.??"]
[EventType "corr"]
[EventRounds "1"]
[SourceDate "2010.08.23"]

1. d4 Nf6 2. c4 e6 3. Nf3 b6 4. g3 Ba6 5. b3 Bb4+ 6. Bd2 Be7 7. Bg2 c6 8. Bc3
d5 9. Ne5 Nfd7 10. Nxd7 Nxd7 11. O-O O-O 12. Nd2 Rc8 13. e4 b5 14. Re1 dxc4 15.
bxc4 Nb6 16. c5 Na4 17. Qc2 e5 18. Nb3 b4 19. Bxb4 exd4 20. Qd2 d3 21. Bh3 Rb8
22. Rac1 Qc7 23. e5 Qb7 24. Ba5 Bd8 25. Re4 Bb5 26. Rd4 Qa6 27. Bxd8 Rfxd8 28.
Rd6 Re8 29. f4 Bc4 30. Bd7 Red8 31. f5 Rxd7 32. Rxd7 Bd5 33. f6 h6 34. fxg7
Kxg7 35. Nd4 Kg8 36. Qxh6 d2 37. Nf5 dxc1=Q+ 38. Qxc1 Qe2 39. Qg5+ Kh7 40. Qg7#
1-0

[Event "24PCR_F"]
[Site "?"]
[Date "2011.??.??"]
[Round "?"]
[White "Stepan, Josef"]
[Black "Portych, Vaclav"]
[Result "0-1"]
[WhiteElo "2044"]
[BlackElo "1987"]
[PlyCount "28"]
[EventDate "2011.??.??"]
[EventType "corr"]
[EventRounds "1"]
[SourceDate "2010.08.23"]

1. c4 e5 2. Nc3 Nc6 3. g3 f5 4. Bg2 Nf6 5. d3 Bb4 6. Bd2 O-O 7. e3 Bxc3 8. Bxc3
d5 9. cxd5 Nxd5 10. Qb3 Be6 11. e4 Nf4 12. Qc2 Nxg2+ 13. Kf1 Ne3+ 14. fxe3
fxe4+ 0-1

[Event "24PCR_F"]
[Site "?"]
[Date "2011.??.??"]
[Round "?"]
[White "Urban, Miroslav"]
[Black "Slavik, Miroslav"]
[Result "1-0"]
[WhiteElo "2231"]
[BlackElo "2236"]
[PlyCount "99"]
[EventDate "2011.??.??"]
[EventType "corr"]
[EventRounds "1"]
[SourceDate "2010.08.23"]

1. c4 e5 2. Nc3 Nc6 3. Nf3 Nf6 4. g3 Nd4 5. Bg2 Nxf3+ 6. Bxf3 Bc5 7. Na4 Be7 8.
d4 d6 9. Nc3 O-O 10. O-O Bh3 11. Re1 c6 12. d5 c5 13. e4 a6 14. a4 Rb8 15. Bd2
Bd7 16. a5 b6 17. axb6 Rxb6 18. Qc2 Qc8 19. Be2 Qb7 20. Nd1 Ne8 21. Ra3 Qc8 22.
Ne3 Qb8 23. Bc3 Bg5 24. Nf5 Nf6 25. h4 Bxf5 26. exf5 Bh6 27. Bd1 Re8 28. g4 Bf4
29. g5 Nd7 30. f6 g6 31. Qe4 h6 32. Ba4 Qc8 33. Qg2 Rf8 34. Bc2 Kh8 35. Re4 Bc1
36. Ra2 Rg8 37. Qh3 Bf4 38. Bd1 Nb8 39. Bg4 Qf8 40. Qf3 Kh7 41. Rxf4 exf4 42.
Ra1 Rb7 43. Re1 Nd7 44. Re7 Ne5 45. Bxe5 Rxe7 46. fxe7 Qxe7 47. Bf6 Qe1+ 48.
Kg2 Re8 49. Be6 Rxe6 50. Bc3 1-0

[Event "24PCR_F"]
[Site "?"]
[Date "2011.??.??"]
[Round "?"]
[White "Bultman, Milan"]
[Black "Pavlicek, Miroslav"]
[Result "1/2-1/2"]
[WhiteElo "2201"]
[BlackElo "2213"]
[PlyCount "73"]
[EventDate "2011.??.??"]
[EventType "corr"]
[EventRounds "1"]
[SourceDate "2010.08.23"]

1. d4 d5 2. Nf3 Nf6 3. c4 c6 4. e3 Bg4 5. h3 Bxf3 6. Qxf3 e6 7. Nc3 Nbd7 8. Bd3
Bb4 9. O-O O-O 10. Qd1 dxc4 11. Bxc4 c5 12. Qb3 Rc8 13. d5 e5 14. Rd1 Bxc3 15.
Qxc3 Ne4 16. Qc2 Nd6 17. b3 e4 18. a4 Qg5 19. a5 Ne5 20. Bb2 Rfe8 21. Bf1 Nf3+
22. Kh1 Ne5 23. Ra4 f6 24. Rd2 Qf5 25. Kg1 Red8 26. Be2 Rc7 27. Ra1 Qg5 28. Qd1
Ng6 29. Rc1 b6 30. axb6 axb6 31. b4 c4 32. Bd4 Rb8 33. Bg4 Ne5 34. Bxe5 Qxe5
35. Be6+ Kf8 36. Ra2 g6 37. Qc2 1/2-1/2

[Event "24PCR_F"]
[Site "?"]
[Date "2011.??.??"]
[Round "?"]
[White "Slavik, Miroslav"]
[Black "Bultman, Milan"]
[Result "1-0"]
[WhiteElo "2236"]
[BlackElo "2201"]
[PlyCount "87"]
[EventDate "2011.??.??"]
[EventType "corr"]
[EventRounds "1"]
[SourceDate "2010.08.23"]

1. e4 c5 2. Nf3 d6 3. d4 cxd4 4. Nxd4 Nf6 5. Nc3 a6 6. Be2 e5 7. Nb3 Be7 8. O-O
O-O 9. Be3 Be6 10. Nd5 Nbd7 11. Qd3 Bxd5 12. exd5 Ne8 13. Qf5 g6 14. Qh3 f5 15.
f4 Rc8 16. c3 Nb6 17. Rad1 Nc4 18. Bxc4 Qc7 19. Be2 Kh8 20. g4 Ng7 21. g5 Rfe8
22. Qg3 Rg8 23. c4 b6 24. Na1 Rge8 25. Qf2 Bd8 26. b4 Rb8 27. Nb3 Qd7 28. c5
exf4 29. Bxf4 bxc5 30. bxc5 Rb4 31. Bxd6 Bxg5 32. Kh1 a5 33. Bf3 a4 34. Na5 Bf6
35. Rb1 Qb5 36. Rxb4 Qxb4 37. Nc6 Qc4 38. Rb1 Qd3 39. Rb7 Qc4 40. h3 Qc1+ 41.
Kh2 a3 42. Bg2 Qc3 43. Rb3 Qa1 44. Rxa3 1-0

[Event "24PCR_F"]
[Site "?"]
[Date "2011.??.??"]
[Round "?"]
[White "Portych, Vaclav"]
[Black "Urban, Miroslav"]
[Result "1/2-1/2"]
[WhiteElo "1987"]
[BlackElo "2231"]
[PlyCount "122"]
[EventDate "2011.??.??"]
[EventType "corr"]
[EventRounds "1"]
[SourceDate "2010.08.23"]

1. c4 e5 2. Nc3 Nc6 3. Nf3 Nf6 4. g3 Bb4 5. Nd5 e4 6. Nh4 O-O 7. Bg2 Re8 8. O-O
d6 9. d3 exd3 10. Qxd3 Ne5 11. Qc2 Nxd5 12. cxd5 Bc5 13. b3 a5 14. Bb2 Qg5 15.
e3 Qh5 16. Rac1 f6 17. a4 b6 18. Bxe5 fxe5 19. Bf3 Qh6 20. Be4 Rf8 21. Bf5 Ba6
22. Bd3 Bb7 23. Nf5 Qf6 24. Be4 g6 25. Nh4 Ba6 26. Bd3 Bc8 27. Be4 Bd7 28. Ng2
b5 29. axb5 Bxb5 30. Bd3 Rfb8 31. Ra1 Bxd3 32. Qxd3 Qf5 33. e4 Qd7 34. Rab1 Rb4
35. Ne3 Qb5 36. Qxb5 Rxb5 37. Nc4 Bd4 38. Na3 Rb7 39. Nc4 Rb4 40. Nd2 Bc3 41.
Nc4 Rf8 42. Nxa5 Rxe4 43. Nc6 Re2 44. Rbc1 Rf3 45. Nd8 Ba5 46. Ne6 Rxb3 47.
Nxc7 Kf7 48. Ne6 Kf6 49. Rb1 Reb2 50. Rxb2 Rxb2 51. Nf8 h5 52. Ra1 Rb5 53. Ra3
e4 54. Ra4 Kf5 55. h4 Rxd5 56. f3 Bb6+ 57. Kf1 Rd3 58. fxe4+ Kg4 59. Ke2 Re3+
60. Kd2 Kxg3 61. Nd7 Rb3 1/2-1/2

[Event "24PCR_F"]
[Site "?"]
[Date "2011.??.??"]
[Round "?"]
[White "Goc, Pavel"]
[Black "Stepan, Josef"]
[Result "1-0"]
[WhiteElo "2121"]
[BlackElo "2044"]
[PlyCount "95"]
[EventDate "2011.??.??"]
[EventType "corr"]
[EventRounds "1"]
[SourceDate "2010.08.23"]

1. e4 e6 2. d4 d5 3. exd5 exd5 4. Bd3 Bb4+ 5. c3 Be7 6. Nf3 Nf6 7. Qc2 Nc6 8.
O-O O-O 9. Ne5 Bd7 10. Nd2 g6 11. f4 Nxe5 12. fxe5 Ne8 13. Nf3 Ng7 14. Bh6 Re8
15. Rae1 Nf5 16. Bc1 c6 17. Qf2 Be6 18. h3 b5 19. Kh2 Nh4 20. Nxh4 Bxh4 21. g3
Bg5 22. Bxg5 Qxg5 23. Qf4 Qxf4 24. Rxf4 a5 25. g4 b4 26. Rf2 bxc3 27. bxc3 Rab8
28. Kg3 a4 29. Bc2 a3 30. Bb3 Rb6 31. h4 Bc8 32. h5 Ba6 33. hxg6 hxg6 34. Rh2
Kf8 35. Rh7 Bb5 36. Kf4 Kg8 37. Reh1 Kf8 38. R1h3 Ra6 39. Kg5 Be2 40. Bc2 c5
41. Rh2 Bf3 42. Rf2 Kg8 43. Kh6 g5+ 44. Kxg5 Be4 45. Bxe4 dxe4 46. Rfxf7 e3 47.
Rfg7+ Kf8 48. Rd7 1-0

[Event "24PCR_F"]
[Site "?"]
[Date "2011.??.??"]
[Round "?"]
[White "Struzka, Vlastimil"]
[Black "Sindelar, Frantisek"]
[Result "1-0"]
[WhiteElo "2248"]
[BlackElo "1951"]
[PlyCount "93"]
[EventDate "2011.??.??"]
[EventType "corr"]
[EventRounds "1"]
[SourceDate "2010.08.23"]

1. d4 d5 2. c4 c6 3. e3 Nf6 4. Nc3 a6 5. Nf3 e6 6. Bd2 Nbd7 7. Qc2 Be7 8. a4
O-O 9. Bd3 dxc4 10. Bxc4 c5 11. O-O cxd4 12. exd4 b6 13. Bf4 Bb7 14. Qe2 Re8
15. Rac1 Nf8 16. Rfd1 Ng6 17. Be5 Bd6 18. g3 Nd5 19. Bxd6 Nxc3 20. Rxc3 Qxd6
21. Bd3 Qd5 22. Bc4 Qa5 23. Bb3 Rec8 24. Re3 Qh5 25. d5 Bxd5 26. Bxd5 exd5 27.
Qd3 Rd8 28. Qb3 Rd6 29. Nd4 Qg4 30. f3 Qd7 31. Rde1 Rc8 32. f4 Rf6 33. f5 Nf8
34. Qd1 Qd6 35. b3 Qc5 36. Kg2 b5 37. axb5 axb5 38. R3e2 Qb6 39. Re8 Rxe8 40.
Rxe8 Qc5 41. Qd2 Ra6 42. Qf4 b4 43. Qe5 h5 44. Kh3 Kh7 45. Rd8 Ra2 46. f6 g6
47. Qf4 1-0

[Event "24PCR_F"]
[Site "?"]
[Date "2011.??.??"]
[Round "?"]
[White "Cvak, Rudolf"]
[Black "Kudr, Roman"]
[Result "1/2-1/2"]
[WhiteElo "2379"]
[BlackElo "2208"]
[PlyCount "49"]
[EventDate "2011.??.??"]
[EventType "corr"]
[EventRounds "1"]
[SourceDate "2010.08.23"]

1. e4 e6 2. d4 d5 3. e5 c5 4. Nc3 cxd4 5. Nb5 Nc6 6. Nf3 Bb4+ 7. Bd2 Bc5 8. a3
a6 9. b4 Bb6 10. Nd6+ Kf8 11. Nxc8 Qxc8 12. c4 dxc3 13. Bxc3 Qb8 14. b5 axb5
15. Bxb5 Ba5 16. Bxa5 Rxa5 17. Qe2 Nge7 18. O-O g5 19. a4 g4 20. Nd2 Qxe5 21.
Qxg4 Rg8 22. Qh3 Ra8 23. Rfb1 Ra7 24. Nf3 Qf5 25. Qh6+ 1/2-1/2

[Event "24PCR_F"]
[Site "?"]
[Date "2011.??.??"]
[Round "?"]
[White "Sindelar, Frantisek"]
[Black "Cvak, Rudolf"]
[Result "1/2-1/2"]
[WhiteElo "1951"]
[BlackElo "2379"]
[PlyCount "74"]
[EventDate "2011.??.??"]
[EventType "corr"]
[EventRounds "1"]
[SourceDate "2010.08.23"]

1. d4 Nf6 2. c4 e6 3. Nf3 b6 4. g3 Ba6 5. b3 Bb4+ 6. Bd2 Be7 7. Bg2 c6 8. Bc3
d5 9. Nbd2 Nbd7 10. O-O O-O 11. Re1 c5 12. e4 dxc4 13. bxc4 cxd4 14. Nxd4 Ne5
15. Nxe6 fxe6 16. Bxe5 Bc5 17. Rf1 Qd3 18. Bf4 Bxc4 19. e5 Nd5 20. Nxc4 Qxc4
21. Rc1 Qxa2 22. Qg4 Nxf4 23. gxf4 Rae8 24. Ra1 Qc4 25. Rxa7 Be7 26. Bh3 Kh8
27. Rb7 b5 28. Kh1 Rxf4 29. Qxe6 Qxe6 30. Bxe6 Bf8 31. Bd7 Rxe5 32. Rxb5 Re2
33. Rf5 Rxf5 34. Bxf5 g6 35. Bd3 Rd2 36. Be4 Be7 37. h3 Kg7 1/2-1/2

[Event "24PCR_F"]
[Site "?"]
[Date "2011.??.??"]
[Round "?"]
[White "Stepan, Josef"]
[Black "Struzka, Vlastimil"]
[Result "0-1"]
[WhiteElo "2044"]
[BlackElo "2248"]
[PlyCount "46"]
[EventDate "2011.??.??"]
[EventType "corr"]
[EventRounds "1"]
[SourceDate "2010.08.23"]

1. c4 e5 2. Nc3 Nc6 3. g3 Nf6 4. Bg2 Bc5 5. e3 d6 6. Nge2 Bb6 7. d4 O-O 8. O-O
Re8 9. Rb1 exd4 10. Nxd4 Nxd4 11. exd4 Bg4 12. Qd3 Qd7 13. Ne4 Bf5 14. Re1 d5
15. cxd5 Nxe4 16. Bxe4 Bxe4 17. Rxe4 Rxe4 18. Qxe4 Re8 19. Qc2 Re1+ 20. Kg2
Qxd5+ 21. Kh3 Rg1 22. Kh4 Bxd4 23. Qe2 Bf6+ 0-1

[Event "24PCR_F"]
[Site "?"]
[Date "2011.??.??"]
[Round "?"]
[White "Urban, Miroslav"]
[Black "Goc, Pavel"]
[Result "1-0"]
[WhiteElo "2231"]
[BlackElo "2121"]
[PlyCount "81"]
[EventDate "2011.??.??"]
[EventType "corr"]
[EventRounds "1"]
[SourceDate "2010.08.23"]

1. c4 e5 2. Nc3 Nc6 3. g3 Nf6 4. Bg2 Bc5 5. Nf3 O-O 6. O-O Re8 7. e3 d5 8. cxd5
Nxd5 9. Nxd5 Qxd5 10. Ng5 Qd7 11. Qc2 Qf5 12. Qxc5 Qxg5 13. b4 Qe7 14. Qxe7
Nxe7 15. Bb2 Nf5 16. b5 Nd6 17. Rfc1 Re7 18. a4 a6 19. Ba3 axb5 20. axb5 Re8
21. Bxd6 Rxa1 22. Rxa1 cxd6 23. Bd5 b6 24. Ra6 Be6 25. Bxe6 fxe6 26. Rxb6 d5
27. Rb7 h6 28. b6 Kh7 29. Rc7 Kg6 30. b7 Rb8 31. e4 Kf6 32. f3 g5 33. Kf2 h5
34. Ke3 h4 35. gxh4 gxh4 36. d4 dxe4 37. fxe4 exd4+ 38. Kxd4 h3 39. e5+ Kf5 40.
Rd7 Rh8 41. Rf7+ 1-0